书目信息 |
| 题名: |
约翰·波特曼 岛中之岛
|
|
| 作者: | 维塔, 著 ;姜文炜 , 陈芳 译 | |
| 分册: | ||
| 出版信息: | 北京 中国建筑工业出版社 2006.11 |
|
| 页数: | 140页 | |
| 开本: | 24cm | |
| 丛书名: | 国外建筑师及事务所名作丛书 | |
| 单 册: | ||
| 中图分类: | TU-867.12 | |
| 科图分类: | ||
| 主题词: | 建筑艺术--jian zhu yi shu--评价--美国--现代 , 建筑实录--jian zhu shi lu--评价--美国--现代 | |
| 电子资源: | ||
| ISBN: | 7-112-07875-X | |
| 000 | 01556nam 2200325 450 | |
| 001 | 012007970187 | |
| 005 | 20240509091533.91 | |
| 010 | @a7-112-07875-X@dCNY66.00 | |
| 100 | @a20070821d2006 km y0chiy0120 ea | |
| 101 | 1 | @achi@cita |
| 102 | @aCN@b110000 | |
| 105 | @aa z 000yy | |
| 200 | 1 | @a约翰·波特曼 岛中之岛@Ayue han·bo te man dao zhong zhi dao@d= John Portman an island on an island@f(意) 毛里齐奥·维塔@F(yi)mao li qi ao·wei ta@g姜文炜, 陈芳译@Gjiang wen wei,chen fang yi@zeng |
| 210 | @a北京@c中国建筑工业出版社@d2006.11 | |
| 215 | @a140页@c图 (部分彩图)@d24cm | |
| 225 | 2 | @a国外建筑师及事务所名作丛书@Aguo wai jian zhu shi ji shi wu suo ming zuo cong shu |
| 305 | @a据美国l'Arca Edizioni spa出版社1997年英文版译出。 | |
| 306 | @a由美国l'Arca Edizioni spa出版社授权出版。 | |
| 330 | @a本书围绕着美国著名建筑师约翰·波特曼在岛中之岛上建造的“理想之家”别墅,分别从轮回,人与物的关系,理想、空间与环境,内部空间,建筑细部,艺术与建筑等不同角度对波特曼的建筑艺术展开分析与评述。角度新颖、阐述深刻。 | |
| 410 | 0 | @12001 @a国外建筑师及事务所名作丛书 |
| 500 | 10 | @aJohn Portman : an island on an island@mChinese |
| 600 | 1 | @a波特曼@Abo te man@c(Portman, John Calvin),@f1924- @x建筑风格@x评价 |
| 606 | 0 | @a建筑艺术@Ajian zhu yi shu@x评价@y美国@z现代 |
| 606 | 0 | @a建筑实录@Ajian zhu shi lu@x评价@y美国@z现代 |
| 690 | @aTU-867.12@v4 | |
| 701 | 1 | @a维塔,@Awei ta@b毛里齐奥@4著 |
| 702 | 0 | @a姜文炜@Ajiang wen wei@4译 |
| 702 | 0 | @a陈芳@Achen fang@4译 |
| 801 | 0 | @aCN@b河南城建学院图书馆@c20070920 |
| 905 | @dTU-867.12@eW538 | |
| 约翰·波特曼 岛中之岛= John Portman an island on an island/(意) 毛里齐奥·维塔/姜文炜, 陈芳译.-北京:中国建筑工业出版社,2006.11 |
| 140页:图 (部分彩图);24cm.-(国外建筑师及事务所名作丛书) |
| ISBN 7-112-07875-X:CNY66.00 |
| 本书围绕着美国著名建筑师约翰·波特曼在岛中之岛上建造的“理想之家”别墅,分别从轮回,人与物的关系,理想、空间与环境,内部空间,建筑细部,艺术与建筑等不同角度对波特曼的建筑艺术展开分析与评述。角度新颖、阐述深刻。 |
| ● |
| 相关链接 |
|
|
|
正题名:约翰·波特曼 岛中之岛
索取号:TU-867.12/W538
 
预约/预借
| 序号 | 登录号 | 条形码 | 馆藏地/架位号 | 状态 | 备注 |
| 1 | 1448488 | 214484887 | 建筑库101/101建筑库 21排3列1层/ [索取号:TU-867.12/W538] | 在馆 | |
| 2 | 1448490 | 214484903 | 建筑库101/101建筑库 21排2列5层/ [索取号:TU-867.12/W538] | 在馆 | |
| 3 | 1448491 | 214484912 | 建筑库101/101建筑库 21排3列1层/ [索取号:TU-867.12/W538] | 在馆 | |
| 4 | 1448492 | 214484921 | 建筑库101/101建筑库 21排2列5层/ [索取号:TU-867.12/W538] | 在馆 | |
| 5 | 1448493 | 214484930 | 建筑库101/101建筑库 21排2列5层/ [索取号:TU-867.12/W538] | 在馆 | |
| 6 | 1448495 | 214484958 | 建筑库101/101建筑库 21排2列5层/ [索取号:TU-867.12/W538] | 在馆 | |
| 7 | 1552138 | 215521380 | 建筑库101/101建筑库 21排3列1层/ [索取号:TU-867.12/W538] | 在馆 | |
| 8 | 1552139 | 215521399 | 建筑库101/101建筑库 21排3列1层/ [索取号:TU-867.12/W538] | 在馆 | |
| 9 | 260105 | 202601050 | 建筑库101/101建筑库 21排2列5层/ [索取号:TU-867.12/W538] | 在馆 | |
| 10 | 260106 | 202601069 | 建筑库101/101建筑库 21排2列5层/ [索取号:TU-867.12/W538] | 在馆 |